000 00445nam a22001337a 4500
008 230621b |||||||| |||| 00| 0 eng d
040 _aNational Science Library
_cNational Science Library
080 _a626.81/.85
_bK7
245 _aSymposium on economics and financing of irrigation, drainage and flood control works
260 _aNew Delhi:
_bManager of Publications,
_c1967
300 _aiv, 121p.
650 _aSymposium
942 _2udc
_cSYM
999 _c45795
_d45795